00250pam a2200097 a 4500020000500000041000500005100001600010245006300026260004600089300001700135 c h aAnne Perry. aAnne Perry- The White Chapel ConspiracyhTextual Documents a[s.l]:bBallantine books New York,c2001. a337:bpaper.